| 000 | 00523nam a2200181Ia 4500 | ||
|---|---|---|---|
| 008 | 230917s9999||||xx |||||||||||||| ||und|| | ||
| 020 | _cGBP46 | ||
| 040 |
_e235292 _aMAIN |
||
| 041 | _aEnglish | ||
| 082 | _a625.7 O4H(5) | ||
| 100 | _aO'Flaherty, Coleman | ||
| 245 | 0 | _aHighways,: The Location, Design, constructionand maintence of road pavements | |
| 250 | _a5th ed. | ||
| 260 |
_aLondon _bICE Publishing _c2016 |
||
| 300 | _axxvi, 585 p. | ||
| 500 | _a2419 14/10/2016 IBS16/450 17/10/2016 Main Budget | ||
| 942 | _cBK | ||
| 999 |
_c19507 _d19507 |
||